01087nam a2200169Ia 4500008004100000020001500041050002200056100002800078245007700106260006900183300003500252500004400287504004600331505047600377650001600853650004800869120626s1989 mx a 000 0 spa d a9683607462 aNC1300 bC87 1989 aCuriel, Fernandodautor aMal de ojob: Iniciación a la literatura icónicac/ Fernando, Curiel aMéxico b: Universidad Nacional Autónoma de Méxicoc, 1989 a218 páginasb: ilustraciones aIncluye: Indice, Prefacio (pp. 9 - 11)  aBibliografía consultada (pp. 217 - 218) aParada obligatoria ¡Corre! Mapa carretero Las dos (2) literaturas que son tres (3) ¡Corte! Examen de la vista ¡Alto! Zona de derrumbes Asomo a la oralidad Camino a Grafema Escritura (al fin) Arte del manuscrito Galaxia Gutenberg La visualidad industrial del siglo XIX (Dilatada) Galaxia McLuhan Retorno Vuelta en U Cuestiones semióticas I Cuestiones semióticas II Cuestiones semióticas III Cuestiones estéticas Remedios  0aSEMIÓTICA 0aCOMUNICACIÓNvENSAYOS, CONFERENCIAS, ETC.